Reencuentro desde la otra orilla (Record no. 180966)

MARC details
000 -LEADER
campo de control de longitud fija 00937nam a22002175i 4500
001 - NÚMERO DE CONTROL
campo de control 180966
003 - IDENTIFICADOR DE NÚMERO DE CONTROL
campo de control ES-MaACL
005 - FECHA Y HORA DE LA ÚLTIMA TRANSACCIÓN
campo de control 20250829061649.0
008 - DATOS DE LONGITUD FIJA--INFORMACIÓN GENERAL
campo de control de longitud fija 120913s1991 sp | |||| ||spa d
080 ## - NÚMERO DE LA CLASIFICACIÓN DECIMAL UNIVERSAL
Número de la Clasificación Decimal Universal 910.4(=1.4)"14/16"
100 0# - ENTRADA PRINCIPAL--NOMBRE DE PERSONA
Nombre de persona Gómez-Tabanera, José Manuel,
Fechas asociadas al nombre 1926-2011
9 (RLIN) 58165
245 10 - MENCIÓN DEL TÍTULO
Título Reencuentro desde la otra orilla
Resto del título : utopía europea, utopía indiana, y utopía del Pacífico /
Mención de responsabilidad, etc. del doctor José M. Gómez-Tabanera.
260 ## - PUBLICACIÓN, DISTRIBUCIÓN, ETC.
Lugar de publicación, distribución, etc. [Oviedo :
Nombre del editor, distribuidor, etc. J.M. Gómez-Tabanera],
Fecha de publicación, distribución, etc. D.L. 1991 (
Lugar de fabricación/manufactura Oviedo :
Fabricante Gofer)
300 ## - DESCRIPCIÓN FÍSICA
Extensión 23 p. ;
Dimensiones 21 cm.
500 ## - NOTA GENERAL
Nota general "Acto celebrado el 31 de octubre de 1991 en el paraninfo del Palacio de las Academias Nacionales, Caracas, Venezuela"
504 ## - NOTA DE BIBLIOGRAFÍA, ETC.
Nota de bibliografía, etc. Bibliografía: p. 21-23.
594 ## - Nota al título y mención de responsabilidad
Nota al título y mención de responsabilidad Precede al tít.: Academia Nacional de la Historia.
650 #7 - PUNTO DE ACCESO ADICIONAL DE MATERIA--TÉRMINO DE MATERIA
Término de materia o nombre geográfico como elemento de entrada Descubrimientos geográficos europeos
Fuente del encabezamiento o término embne
9 (RLIN) 151417
852 ## - LOCALIZACIÓN
Ubicación ES-MaACL
Número de control de estantería 2316-F-10
Holdings
Estatus retirado Estado de pérdida Estado de daño No para préstamo Colección Biblioteca de origen Biblioteca actual Ubicación en estantería Fecha de adquisición Fuente de adquisición Total de préstamos Signatura topográfica completa Código de barras Visto por última vez Precio de reemplazo Tipo de ítem Koha
        Colección de folletos Biblioteca del Ateneo de Madrid Biblioteca del Ateneo de Madrid Depósito folletos 13/09/2012     2316-F-10 1190164 23/02/2023 23/02/2023 Folleto